Представление документа в формате RUSMARC

ПолеНазваниеЗначение
  Тип записи a
  Библиографический уровень a
001 Контрольный номер RU/CBS_UL/BASE/4e822ac38a6c409892b4184a255b4924
005 Дата корректировки 20250530135553.9
100 Данные общей обработки __
a Данные общей обработки 20250530 ||| 0rusy0189 ca
101 Язык документа 0_
a Язык текста rus
102 Страна публикации __
a Страна публикации RU
200 Заглавие и сведения об ответственности 1_
a Заглавие МиГ под мостом
e Сведения, относящиеся к заглавию [беседа с лётчиком В. Приваловым, пролетевшим под новосибирским мостом на истребителе МиГ-17]
f Первые сведения об ответственности В. Нордвик
300 Общие примечания __
a Общие примечания 16+
461 Уровень набора _0
1 2000
a Родина
463 Уровень физической единицы _0
1 2000
a № 8
v С. 45-55 : фот.
1 2101
d 2021
1 001RU/CBS_UL/BASE/695828334
600 Персоналии _1
a Персоналии (Фамилия) Привалов
b Персоналии (Имя, инициалы) В.В.
606 Тематические рубрики 0_
a Основная рубрика Военно-воздушные силы - СССР - История, 1965 г.
z Хронологическая подрубрика 1965 г.
610 Ключевые слова 0_
a Ключевые слова лётчики
610 Ключевые слова 0_
a Ключевые слова МиГ-17 (истребители)
610 Ключевые слова 0_
a Ключевые слова истребители
610 Ключевые слова 0_
a Ключевые слова полёты под мостом
610 Ключевые слова 0_
a Ключевые слова повседневная жизнь
610 Ключевые слова 0_
a Ключевые слова человек второго плана в истории
610 Ключевые слова 0_
a Ключевые слова экзистенциальные ситуации
686 Индексы других классификаций __
2 Код системы rubbk
a Классификационный индекс 68.521-1
700 Автор _1
a Фамилия Нордвик
b Имя (инициалы) В.
801 Источник записи _0
a Страна RU
b Организация МБУК ЦБС г. Ульяновска
c Дата составления 20250530
g Правила каталогизации RCR
801 Источник записи _1
a Страна RU
b Организация МБУК ЦБС г. Ульяновска
c Дата составления 20250530
g Правила каталогизации RCR
901 Тип документа __
t Тип документа b
w Контрольный № источника RU/CBS_UL/BASE/695828334
909 Создатель записи __
a Создатель записи lib1